LEADER 00802nam a2200205 i 4500 001 000000178223 003 CaOOAMICUS 005 20090312000000.0 008 090312s1933 it u000 u ita u 013 $a155792 040 $aSeMil$bita 245 10$aVolume 1. 300 $a258 p. 490 0 $aCollezione Varia ;$v2.bis 500 $aIn preliminari : Dedica autografa del curatore a Mons. G. B. Montini. - Contiene : Appendice critica. 773 0 $tMah?bh?rata.$dRoma : Reale Accademia d'Italia, 1933-1939.$kReale Accademia d'Italia. Varia$w()20863 830 0$aReale Accademia d'Italia. Varia ;$v2.bis.$0(OLS)http://semarc/title/17457 850 $aSeMil 852 $aSeMil$W1$xVenegono$y1$m1Z V 3$j237402$B129008$CSeMilBibl$Z2$F140142 $81 996 $6245$aVolume 1$9(OLS)http://semarc/title/46244 LEADER 01273nam a2200265 i 4500 001 000000072006 003 CaOOAMICUS 005 20090206000000.0 008 090206s1964 fr u000 u fre u 013 $a43178 040 $aSeMil$bita 100 1 $aUlmann, Jacques <1910- >.$0(OLS)http://semarc/name/35702 245 13$aLa nature et l'éducation :$bl'idée de nature dans l'éducation physique et dans l'éducation morale /$cJacques Ulmann. 260 $aParis :$bJ. Vrin,$c1964. 300 $a599 p. ;$c23 cm. 490 0 $aBibliothèque d'histoire de la philosophie 650 4$aEducazione morale.$0(OLS)http://semarc/subject/7199 650 4$aEducazione - Filosofia.$0(OLS)http://semarc/subject/13343 650 4$aFilosofia della natura.$0(OLS)http://semarc/subject/755 650 4$aEducazione fisica.$0(OLS)http://semarc/subject/14487 830 0$aBibliothèque d'histoire de la philosophie.$0(OLS)http://semarc/title/19476 850 $aSeMil 852 $aSeMil$W1$xVenegono$y1$m2P V 246$j38159$B38159$CSeMilBibl$Z2$F38162 $81 996 $6245$aLa nature et l'éducation :$bl'idée de nature dans l'éducation physique et dans l'éducation morale$9(OLS)http://semarc/title/115981 996 $6260$aParis :$bJ. Vrin$9(OLS)http://semarc/publisher/30215